[Event "Open"]
[Site "Herzliya ISR"]
[Date "2008.09.04"]
[Round "3"]
[White "Porat,Ma"]
[Black "Lurie,M"]
[Result "0-1"]
[WhiteElo "2137"]
[BlackElo "2337"]

1.d4 Nf6 2.c4 g6 3.Nc3 d5 4.cxd5 Nxd5 5.e4 Nxc3 6.bxc3 Bg7 7.Nf3 c5 8.Rb1 O-O
9.Be2 Nd7 10.O-O Nf6 11.Qd3 b6 12.Bg5 Qc7 13.Rbc1 Rd8 14.h3 h6 15.Bxf6 Bxf6
16.Qe3 Bg7 17.e5 Be6 18.a3 Rac8 19.Bd3 Bd5 20.Nh4 e6 21.Ba6 Rb8 22.a4 Qe7
23.g3 g5 24.Ng2 cxd4 25.cxd4 Qb4 26.Bb5 Bxg2 27.Rc4 Qxc4 28.Bxc4 Bxf1 29.Kxf1 Rbc8
30.Bb3 Rc7 31.a5 bxa5 32.d5 exd5 33.e6 a4 34.Bxd5 Rxd5 35.e7 Rxe7 36.Qxe7 Bf8
37.Qxa7 a3 38.Ke2 Rb5 39.Kd3 Rb2 40.Qd4 Bg7 41.Qd8+ Kh7 42.Qe8 Rxf2 43.g4 a2
44.Qe4+ Kg8 45.Qa8+ Bf8 46.Kc4 Kg7 47.Qa7 Be7  0-1

[Event "5th LGA Premium Cup"]
[Site "Nuernberg GER"]
[Date "2008.09.05"]
[Round "3"]
[White "Farago,I"]
[Black "Koch,Mo"]
[Result "1/2-1/2"]
[WhiteElo "2482"]
[BlackElo "2273"]

1.d4 Nf6 2.c4 g6 3.Nc3 d5 4.cxd5 Nxd5 5.e4 Nxc3 6.bxc3 Bg7 7.Bg5 c5 8.Rc1 Qa5
9.Qd2 h6 10.Be3 cxd4 11.cxd4 Qxd2+ 12.Bxd2 O-O 13.Nf3 e6 14.Bb5 Rd8 15.Ke2 Nc6
16.Bxc6 bxc6 17.Ba5 Rd7 18.Ke3 Bb7 19.Ne5 Bxe5 20.dxe5 Ba6 21.Rhd1 Rxd1 22.Rxd1 c5
23.Rd7 Bc4 24.a3 Bf1 25.g3 Rb8 26.Rd8+ Rxd8 27.Bxd8 Kf8 28.Bc7 Ke8 29.Bd6 c4
30.Kd4 Kd7 31.Bf8 h5 32.Kc5 Bd3 33.Bh6 Bxe4 34.Kxc4  1/2-1/2

[Event "TCh-SRB 1st League"]
[Site "Subotica SRB"]
[Date "2008.09.06"]
[Round "6"]
[White "Khenkin,I"]
[Black "Sutovsky,E"]
[Result "1/2-1/2"]
[WhiteElo "2655"]
[BlackElo "2654"]

1.d4 Nf6 2.c4 g6 3.Nc3 d5 4.cxd5 Nxd5 5.e4 Nxc3 6.bxc3 Bg7 7.Nf3 c5 8.Bb5+ Nc6
9.O-O cxd4 10.cxd4 O-O 11.Be3 Bg4 12.Bxc6 bxc6 13.Rc1 Qa5 14.Qd2 Qxd2 15.Nxd2 Rfd8
16.Nb3 a5 17.Rxc6 a4 18.Nc5 Bxd4 19.Bxd4 Rxd4 20.f3 Rc8 21.Rxc8+ Bxc8 22.Rc1 a3
23.Nb3 Rd8 24.Rc7 Be6 25.Ra7 Bxb3 26.axb3 Rd1+ 27.Kf2 Rd2+ 28.Kg3 a2 29.b4  1/2-1/2

[Event "I Liga Seniorow"]
[Site "Ustron POL"]
[Date "2008.09.07"]
[Round "2"]
[White "Mielczarski,M"]
[Black "Zezulkin,J"]
[Result "1/2-1/2"]
[WhiteElo "2242"]
[BlackElo "2448"]

1.d4 Nf6 2.c4 g6 3.Nc3 d5 4.cxd5 Nxd5 5.e4 Nxc3 6.bxc3 Bg7 7.Qa4+ Qd7 8.Qb3 O-O
9.Nf3 b6 10.Be3 Bb7 11.Bd3 Nc6 12.Rd1 Na5 13.Qb4 Qe6 14.c4 c5 15.dxc5 Nc6
16.Qb1 Bc3+ 17.Bd2 Bxd2+ 18.Rxd2 Na5 19.O-O Nxc4 20.Re2 Rfc8 21.Ng5 Qf6 22.Bxc4 Qxg5
23.Qb3 e6  1/2-1/2

[Event "7th Georgiev - Kesarovski Mem"]
[Site "Sunny Beach BUL"]
[Date "2008.09.08"]
[Round "1"]
[White "Ivanov,Lj"]
[Black "Bedouin,X"]
[Result "0-1"]
[WhiteElo "1977"]
[BlackElo "2365"]

1.d4 Nf6 2.c4 g6 3.Nc3 d5 4.cxd5 Nxd5 5.e4 Nxc3 6.bxc3 Bg7 7.Bc4 c5 8.Ne2 Nc6
9.Be3 cxd4 10.cxd4 Qa5+ 11.Qd2 Qxd2+ 12.Kxd2 O-O 13.Rhd1 e6 14.Rab1 b6 15.Ke1 Bb7
16.f3 Rac8 17.Bb5 Rfd8 18.Bg5 f6 19.Bh4 Kf7 20.Bg3 Na5 21.Rdc1 Bh6 22.Rxc8 Rxc8
23.Bf4 g5 24.Bd2 Nc4 25.Bxc4 Rxc4 26.Rc1 Rxc1+ 27.Nxc1 Bf8 28.g4 Bd6 29.h3 Bg3+
30.Ke2 Ba6+ 31.Nd3 Bc4 32.a3 a5 33.Bc3 Bd6 34.a4 Bf4 35.Bd2 Bc7 36.Bc3 b5
37.axb5 Bxb5 38.Kd2 a4 39.Bb4  0-1

[Event "4th ch-EU"]
[Site "Liverpool ENG"]
[Date "2008.09.10"]
[Round "2"]
[White "Peek,Mar"]
[Black "Howell,D"]
[Result "1/2-1/2"]
[WhiteElo "2370"]
[BlackElo "2561"]

1.d4 Nf6 2.c4 g6 3.Nc3 d5 4.cxd5 Nxd5 5.e4 Nxc3 6.bxc3 Bg7 7.Nf3 c5 8.Be3 Qa5
9.Qd2 Nc6 10.Rc1 cxd4 11.cxd4 Qxd2+ 12.Kxd2 O-O 13.Bb5 Rd8 14.Bxc6 bxc6 15.Rc5 f5
16.h4 Rb8 17.Ne5 Bxe5  1/2-1/2

[Event "Team Match FIN-SWE"]
[Site "Mariehamn FIN"]
[Date "2008.09.13"]
[Round "1"]
[White "Munukka,T"]
[Black "Jansson,G"]
[Result "1-0"]
[WhiteElo "2052"]
[BlackElo "1931"]

1.d4 Nf6 2.c4 g6 3.Nc3 d5 4.cxd5 Nxd5 5.e4 Nxc3 6.bxc3 Bg7 7.Be3 O-O 8.Qd2 c5
9.Rb1 cxd4 10.cxd4 Nc6 11.d5 Ne5 12.h3 f5 13.f4 Nf7 14.e5 b6 15.Bc4 Bb7 16.Nf3 Rc8
17.Bb3 Ba6 18.Kf2 Kh8 19.Rhc1 Rxc1 20.Rxc1 Qb8 21.Qb4 g5 22.g3 g4 23.hxg4 fxg4
24.e6 Nd6 25.Ng5 Nf5 26.Qe4 Qe8 27.Nf7+ Kg8 28.Qxf5 Qb5 29.Bc4 Qb2+ 30.Qc2 Qa3
31.Bxa6 Qxa6 32.Ng5 Qa5 33.Qxh7+  1-0

[Event "Team Match FIN-SWE"]
[Site "Mariehamn FIN"]
[Date "2008.09.13"]
[Round "1"]
[White "Pessi,J"]
[Black "Winfridsson,H"]
[Result "1-0"]
[WhiteElo "2166"]
[BlackElo "2111"]

1.d4 Nf6 2.c4 g6 3.Nc3 d5 4.cxd5 Nxd5 5.e4 Nxc3 6.bxc3 Bg7 7.Nf3 O-O 8.Be2 c5
9.Rb1 cxd4 10.cxd4 Qa5+ 11.Bd2 Qxa2 12.O-O Bg4 13.Rxb7 Bxf3 14.Bxf3 Bxd4
15.Rxe7 Nc6 16.Rd7 Qe6 17.Rd5 Bg7 18.Bf4 Ne5 19.Be2 Rfc8 20.Bxe5 Bxe5 21.Bg4 Qf6
22.Bxc8 Rxc8 23.g3 Rc7 24.Kg2 Bc3 25.Rd8+ Kg7 26.Qd6 Qxd6 27.Rxd6 Re7 28.Rc1 Bb4
29.Ra6 h5 30.Rc4 Rb7 31.f4 Bf8 32.Rc2 Re7 33.e5 Rb7 34.Kf3 Kh7 35.Ke4 Rd7
36.h3 Bb4 37.g4 hxg4 38.hxg4 g5 39.f5 Be1 40.e6 Re7 41.Rca2 fxe6 42.Rxa7 exf5+
43.Kxf5 Rxa7 44.Rxa7+ Kh6 45.Ra6+  1-0

[Event "I Liga Seniorow"]
[Site "Ustron POL"]
[Date "2008.09.13"]
[Round "8"]
[White "Stysiak,S"]
[Black "Tomczak,J"]
[Result "0-1"]
[WhiteElo "2275"]
[BlackElo "2451"]

1.d4 Nf6 2.c4 g6 3.Nc3 d5 4.cxd5 Nxd5 5.e4 Nxc3 6.bxc3 Bg7 7.Bc4 c5 8.Ne2 Nc6
9.Be3 O-O 10.O-O Bd7 11.Qd2 Rc8 12.Rac1 Qa5 13.Qb2 cxd4 14.cxd4 Qb4 15.Bb3 Be6
16.Bd2 Qb5 17.Bc3 Bxb3 18.axb3 Nb4 19.Ra1 Rfd8 20.Rfd1 e5 21.Bxb4 Qxb4 22.Ra4 Qb6
23.d5 Bf8 24.Rd3 Rc7 25.g3 Rdc8 26.Qxe5 Qb5 27.Re3 Rc2 28.Rc4 R8xc4 29.bxc4 Qxc4
30.Qd4 Qa6 31.Kf1 Bc5 32.Qd3 Qa1+ 33.Kg2 Qb2 34.d6 Bxe3 35.d7 Bb6 36.d8=Q+ Bxd8
37.Qxd8+ Kg7 38.Nf4 Rxf2+ 39.Kg1 Rf3 40.Nh5+ Kh6  0-1

[Event "4th ch-EU"]
[Site "Liverpool ENG"]
[Date "2008.09.14"]
[Round "6"]
[White "Gormally,D"]
[Black "Howell,D"]
[Result "0-1"]
[WhiteElo "2504"]
[BlackElo "2561"]

1.d4 Nf6 2.c4 g6 3.Nc3 d5 4.cxd5 Nxd5 5.e4 Nxc3 6.bxc3 Bg7 7.Bc4 c5 8.Ne2 Nc6
9.Be3 O-O 10.O-O Na5 11.Bd3 b6 12.d5 e6 13.c4 Bxa1 14.Qxa1 f6 15.Bh6 Rf7
16.Qc3 Qe7 17.Bc1 Ba6 18.Bb2 Re8 19.Nf4 e5 20.Ne2 Bc8 21.f4 Nb7 22.h3 Nd6
23.Ng3 Rff8 24.Qc1 Nf7 25.Be2 Qd6 26.f5 Qe7 27.h4 Nd6 28.fxg6 hxg6 29.h5 f5
30.exf5 gxf5 31.h6 f4 32.Nh5 Qg5  0-1

[Event "61st ch-RUS HL"]
[Site "Novokuznetsk RUS"]
[Date "2008.09.14"]
[Round "11"]
[White "Sakaev,K"]
[Black "Timofeev,Arty"]
[Result "1/2-1/2"]
[WhiteElo "2635"]
[BlackElo "2650"]

1.d4 Nf6 2.c4 g6 3.Nc3 d5 4.cxd5 Nxd5 5.e4 Nxc3 6.bxc3 Bg7 7.Be3 c5 8.Nf3 Qa5
9.Qd2 O-O 10.Rc1 Rd8 11.d5 e6 12.Be2 exd5 13.exd5 Bg4 14.c4 Qa3 15.O-O Nc6
16.Bg5 Rd7 17.Rfe1 h5 18.h3 Bxf3 19.Bxf3 Nd4 20.Be4 Qa6 21.Bd3 Bf6 22.Bf4 Kg7
23.Bh6+ Kh7 24.Bf4 Kg7 25.Re3 Rad8 26.Rce1 b5 27.cxb5 Qa4 28.Qc1 Rxd5 29.Re4 Qxa2
30.Bc4 Qc2 31.Bxd5 Qxc1 32.Rxc1 Rxd5 33.Kf1 Nxb5 34.Be3 Nd4 35.Re8 Nb3 36.Rc4 Nd2+
37.Bxd2 Rxd2 38.Re2 Rd1+ 39.Re1 Rd2 40.Re2 Rd1+ 41.Re1 Rd2 42.Re2  1/2-1/2

[Event "4th ch-EU"]
[Site "Liverpool ENG"]
[Date "2008.09.16"]
[Round "8"]
[White "Blackburn,J"]
[Black "Coates,D"]
[Result "1/2-1/2"]
[WhiteElo "2196"]
[BlackElo "2037"]

1.d4 Nf6 2.c4 g6 3.Nc3 d5 4.cxd5 Nxd5 5.e4 Nxc3 6.bxc3 Bg7 7.Nf3 c5 8.Rb1 O-O
9.Be2 cxd4 10.cxd4 Qa5+ 11.Bd2 Qxa2 12.O-O Bg4 13.Bg5 h6 14.Be3 Nc6 15.d5 Na5
16.h3 Bxf3 17.gxf3 b6 18.f4 Nc4 19.e5 Nxe3 20.fxe3 Qa3 21.Qd4 Rfd8 22.Ra1 Qb3
23.Rfb1 Qc2 24.Bd3 Qc8 25.Kg2 Qd7 26.e4 Rac8 27.Ra2 Rc5 28.Qa4 Ra5 29.Qb3 Rc5
30.Bb5 Qc7 31.Bc6  1/2-1/2

[Event "EYb12"]
[Site "Herceg Novi MNE"]
[Date "2008.09.17"]
[Round "3"]
[White "Menezes,C"]
[Black "Giroyan,G"]
[Result "1/2-1/2"]
[WhiteElo "1750"]
[BlackElo "2041"]

1.d4 Nf6 2.c4 g6 3.Nc3 d5 4.cxd5 Nxd5 5.e4 Nxc3 6.bxc3 Bg7 7.Bc4 c5 8.Ne2 Nc6
9.Be3 O-O 10.O-O Bd7 11.Qd2 Rc8 12.Rac1 Qa5 13.Rfd1 Rfd8 14.h4 Bg4 15.f3 Bxf3
16.gxf3 Ne5 17.dxe5 Rxd2 18.Rxd2 Bxe5 19.Rd7 Qa4 20.Bxf7+ Kxf7 21.Rcd1 Bd6
22.R1xd6 Qxa2 23.Kf2 b5 24.Rb7 Rb8 25.Rc7 Rc8 26.Rb7 Rb8 27.Rc7  1/2-1/2

[Event "EYb18"]
[Site "Herceg Novi MNE"]
[Date "2008.09.17"]
[Round "3"]
[White "Ivanovic,L"]
[Black "Gluszko,T"]
[Result "1/2-1/2"]
[WhiteElo "1718"]
[BlackElo "2225"]

1.d4 Nf6 2.c4 g6 3.Nc3 d5 4.cxd5 Nxd5 5.e4 Nxc3 6.bxc3 Bg7 7.Nf3 c5 8.Rb1 O-O
9.Be2 b6 10.Be3 Qc7 11.O-O Bb7 12.e5 Rd8 13.Qb3 cxd4 14.cxd4 Bd5 15.Qb2 Nc6
16.Rbc1 Qb7 17.Rfd1 Rac8 18.Ne1 Na5 19.Bf3 Bxf3 20.Nxf3 Qd5 21.Nd2 b5 22.Qa3 Nc4
23.Nxc4 bxc4 24.Qxa7 Bxe5 25.Qxe7 Bd6 26.Qg5 Ba3 27.Qxd5 Rxd5 28.Rc2 c3 29.Rb1 Kg7
30.Kf1 Bb2 31.Bc1 Bxc1 32.Rbxc1 Rxd4 33.Rxc3 Ra8 34.Ra1 Rd2 35.a4 Ra5  1/2-1/2

[Event "4th ch-EU"]
[Site "Liverpool ENG"]
[Date "2008.09.17"]
[Round "9"]
[White "Estremera Panos,S"]
[Black "Baramidze,D"]
[Result "1/2-1/2"]
[WhiteElo "2394"]
[BlackElo "2593"]

1.d4 Nf6 2.c4 g6 3.Nc3 d5 4.cxd5 Nxd5 5.e4 Nxc3 6.bxc3 Bg7 7.Nf3 c5 8.Bb5+ Bd7
9.Bxd7+ Qxd7 10.O-O cxd4 11.cxd4 Nc6 12.Be3 O-O 13.d5 Ne5 14.Nxe5 Bxe5 15.Rc1 Rfc8  1/2-1/2

[Event "4th Pichay Cup"]
[Site "Manila PHI"]
[Date "2008.09.19"]
[Round "9"]
[White "Mchedlishvili,M"]
[Black "Villamayor,B"]
[Result "1/2-1/2"]
[WhiteElo "2604"]
[BlackElo "2469"]

1.d4 Nf6 2.c4 g6 3.Nc3 d5 4.cxd5 Nxd5 5.e4 Nxc3 6.bxc3 Bg7 7.Bc4 c5 8.Ne2 Nc6
9.Be3 O-O 10.O-O Qc7 11.Rc1 Rd8 12.h3 b6 13.f4 e6 14.Qe1 Na5 15.Bd3 f5 16.g4 fxe4
17.Bxe4 Bb7 18.Ng3 Nc4 19.Bf2 Bd5 20.Bxd5 exd5 21.Qe6+ Kh8 22.f5 Re8 23.Qxd5 Ne3
24.Qf3 Nxf1 25.Rxf1 Qd6 26.g5 gxf5 27.Nxf5 Qg6 28.Qg4 Rad8 29.Nxg7 Qxg7 30.dxc5 Qxc3
31.cxb6 axb6 32.Bxb6 Rd3 33.Bf2 Kg8 34.g6 hxg6 35.Qxg6+ Qg7  1/2-1/2

[Event "EYg16"]
[Site "Herceg Novi MNE"]
[Date "2008.09.22"]
[Round "7"]
[White "Jimenez Lupianez,L"]
[Black "Gorozhankina,J"]
[Result "0-1"]
[WhiteElo "1901"]
[BlackElo "2094"]

1.d4 Nf6 2.c4 g6 3.Nc3 d5 4.cxd5 Nxd5 5.e4 Nxc3 6.bxc3 Bg7 7.Bc4 c5 8.Ne2 O-O
9.O-O Nc6 10.Be3 Bd7 11.Rb1 cxd4 12.cxd4 Rc8 13.Bd3 Na5 14.Qd2 e6 15.f3 Bc6
16.Kh1 b6 17.Rfc1 Qe7 18.Rc2 Bb7 19.Rbc1 Qd7 20.e5 Nc6 21.Bb5 a6 22.Bxc6 Rxc6
23.Rxc6 Bxc6 24.Qb4 Qb7 25.Kg1 Rc8 26.Rb1 b5 27.Nc1 Bd5 28.Nb3 Rc2 29.Nc5 Qc8
30.a4 Bc4 31.axb5 axb5 32.Ne4 Re2 33.Bf2 Bd3 34.Nd6 Qc2 35.Ra1 Bf8 36.Bg3 Rxg2+
37.Kh1 Rd2 38.Bf4 Rd1+ 39.Rxd1 Qxd1+ 40.Kg2 Qf1+  0-1

[Event "EYg12"]
[Site "Herceg Novi MNE"]
[Date "2008.09.24"]
[Round "9"]
[White "Aseeva,A"]
[Black "Boyarchenko,V"]
[Result "1-0"]
[WhiteElo "1749"]
[BlackElo "1587"]

1.d4 Nf6 2.c4 g6 3.Nc3 d5 4.cxd5 Nxd5 5.e4 Nxc3 6.bxc3 Bg7 7.Nf3 O-O 8.Be3 c5
9.Be2 Nc6 10.O-O Bg4 11.d5 Bxf3 12.Bxf3 Ne5 13.Bxc5 Nxf3+ 14.Qxf3 Bxc3 15.Qxc3 Rc8
16.Qa3 Re8 17.Qxa7 Qc7 18.Be3 Qc4 19.Qd4 Qxd4 20.Bxd4 Rc4 21.Rfd1 Ra8 22.f3 Raa4
23.Bf2 Rc2 24.Rdc1 Rxc1+ 25.Rxc1 Rxa2 26.Rb1 Rc2 27.Bg3 Kg7 28.Rxb7 Rc1+
29.Kf2 Rc2+ 30.Ke3 Kf8 31.Bf2 Ra2 32.e5 Ra3+ 33.Kf4 Ra2 34.Kg3 Ra5 35.d6 exd6
36.exd6 Rd5 37.Bc5  1-0

[Event "EYb18"]
[Site "Herceg Novi MNE"]
[Date "2008.09.24"]
[Round "9"]
[White "Hayrapetian,O"]
[Black "Gluszko,T"]
[Result "1-0"]
[WhiteElo "2367"]
[BlackElo "2225"]

1.d4 Nf6 2.c4 g6 3.Nc3 d5 4.cxd5 Nxd5 5.e4 Nxc3 6.bxc3 Bg7 7.Nf3 c5 8.Rb1 O-O
9.Be2 Nc6 10.d5 Bxc3+ 11.Bd2 Bxd2+ 12.Qxd2 Na5 13.h4 Bg4 14.h5 Bxf3 15.gxf3 e5
16.f4 exf4 17.Qxf4 f5 18.hxg6 fxe4 19.Qh6 Qe7 20.Bg4 Rf6 21.Be6+ Rxe6 22.dxe6 Re8
23.Rd1 Qg7 24.gxh7+ Kh8 25.Qxg7+ Kxg7  1-0

[Event "5th Highlands Open A"]
[Site "Zdar nad Sazavou CZE"]
[Date "2008.09.24"]
[Round "5"]
[White "Talla,V"]
[Black "Konopka,M"]
[Result "1-0"]
[WhiteElo "2407"]
[BlackElo "2433"]

1.d4 Nf6 2.c4 g6 3.Nc3 d5 4.cxd5 Nxd5 5.e4 Nxc3 6.bxc3 Bg7 7.Bc4 c5 8.Ne2 Nc6
9.Be3 O-O 10.O-O Qc7 11.Rc1 Rd8 12.Bf4 Qd7 13.dxc5 Qe8 14.Bd5 Bd7 15.Qd2 e6
16.Bxc6 Bxc6 17.Bd6 e5 18.Qe3 Qe6 19.c4 Rd7 20.Rfd1 Rad8 21.f3 Bf8 22.Nc3 Bxd6
23.cxd6 b6 24.c5 bxc5 25.Qxc5 Rxd6 26.Qxa7 Kg7 27.Rxd6 Rxd6 28.Qc5 Rd4 29.Rd1 Rxd1+
30.Nxd1 Qxa2 31.Qxe5+ Kg8 32.Ne3 Qd2 33.Nf1 Qe2 34.h3 h5 35.Qf4 Bb5 36.Ne3 Bc4
37.Kh2 Qa2 38.Qg5 Qd2 39.h4 Be6 40.Nd5 Qd4 41.Qf6 Qxf6 42.Nxf6+ Kf8 43.Kg3 Bc4
44.Kf4 Bf1 45.g3 Bg2 46.Nd5 Kg7 47.Ne3 Bh1 48.g4 hxg4 49.Kxg4 Kh6 50.Kg3 Kh5
51.Ng4 f5 52.Nf6+ Kh6 53.e5 Kg7 54.Nd5 Kf7 55.Nf4  1-0

[Event "TCh-NED 2008-9"]
[Site "Netherlands NED"]
[Date "2008.09.27"]
[Round "1"]
[White "Driessens,P"]
[Black "Van der Weide,K"]
[Result "0-1"]
[WhiteElo "2283"]
[BlackElo "2473"]

1.d4 Nf6 2.c4 g6 3.Nc3 d5 4.cxd5 Nxd5 5.e4 Nxc3 6.bxc3 Bg7 7.Nf3 O-O 8.Be2 b6
9.Bg5 Bb7 10.Qd3 Qd7 11.O-O Nc6 12.Qe3 e5 13.d5 Nd8 14.Rad1 f6 15.Bh6 Bxh6
16.Qxh6 Nf7 17.Qh4 Nd6 18.Nd2 Qa4 19.f4 exf4 20.Qxf4 Rae8 21.Bg4 Bc8 22.Bxc8 Rxc8
23.c4 Rce8 24.Rfe1 Rf7 25.h3 a5 26.Qe3 Rfe7 27.Qd4 Re5 28.Rf1 f5 29.exf5 Nxf5
30.Qf4 Qxa2 31.Nf3 Re2 32.Rd2 Rxd2 33.Nxd2 Qb2 34.c5 bxc5 35.Nc4 Qd4+ 36.Qxd4 cxd4
37.Nxa5 Rd8 38.Nc6 Rxd5 39.g4 Rd6 40.Rc1 d3 41.gxf5 Rxc6  0-1

[Event "Zvenigorodskaya Open A"]
[Site "Zvenigorod RUS"]
[Date "2008.09.27"]
[Round "4"]
[White "Sergienko,S"]
[Black "Leontiev,Alek"]
[Result "1-0"]
[WhiteElo "2432"]
[BlackElo "2312"]

1.d4 Nf6 2.c4 g6 3.Nc3 d5 4.cxd5 Nxd5 5.e4 Nxc3 6.bxc3 Bg7 7.Qa4+ Nd7 8.Nf3 O-O
9.Bg5 h6 10.Be3 c5 11.Rd1 Qc7 12.h3 Rd8 13.Bd3 cxd4 14.cxd4 Qc3+ 15.Ke2 e5
16.d5 Nc5 17.Qc2 Qxc2+ 18.Bxc2 b6 19.Bxc5 bxc5 20.Bd3 Rb8 21.Rb1 Rb4 22.Nd2 Bf8
23.Rxb4 cxb4 24.Rc1 Bd6 25.Nc4 Bc7 26.Nd2 Bb6 27.Rc4 a5 28.Rc6 Ba7 29.Nc4 a4
30.Nxe5 Bd4 31.Nf3 Bc3 32.Bc4 Re8 33.Kd3 f5 34.e5 f4 35.e6 Bf6 36.Rb6 b3
37.axb3 a3 38.b4 Re7 39.Rb8 Rc7  1-0

[Event "Spice Cup Open Grand-Prix"]
[Site "Lubbock USA"]
[Date "2008.09.28"]
[Round "5"]
[White "Ramirez,Alej"]
[Black "Antal,Ge"]
[Result "1/2-1/2"]
[WhiteElo "2531"]
[BlackElo "2459"]

1.d4 Nf6 2.c4 g6 3.Nc3 d5 4.cxd5 Nxd5 5.e4 Nxc3 6.bxc3 Bg7 7.Be3 c5 8.Qd2 Qa5
9.Rb1 cxd4 10.cxd4 Qxd2+ 11.Kxd2 O-O 12.Nf3 b6 13.Bd3 Ba6 14.Rhc1 Bxd3 15.Kxd3 Na6
16.Rc4 Rfd8 17.Ke2 f5 18.exf5 gxf5 19.Bf4 Rac8 20.Ra4 Nc7 21.Rxa7 Nd5 22.Bd2 Ra8
23.Rxa8 Rxa8 24.Rb2 Ra3 25.Rc2 Bf6 26.h3 h5 27.Kd1 Ra4 28.Kc1 Bxd4 29.Rc8+ Kg7
30.Rd8 Rc4+ 31.Kb1 Nc3+ 32.Kb2 Bf6 33.Kb3 Rc5 34.Nd4 Bxd4 35.Rxd4 Ne4 36.Be3 Rc3+
37.Kb2 Rc6 38.a4 Nd6 39.Kb3 b5 40.a5 Kf6 41.Rd1 Nc4 42.Kb4 Nxe3 43.fxe3 Rc2
44.Ra1 Rxg2 45.a6 Rg8 46.a7 Ra8 47.Kxb5 e5 48.Ra4 f4 49.exf4 e4 50.Kb6 Kf5
51.Kb7 Rxa7+ 52.Kxa7 Kxf4 53.Kb6 Kf3 54.Kc5 e3 55.Kd4 e2 56.Ra1 Kf2 57.Ke4 e1=Q+
58.Rxe1 Kxe1 59.Kf4 Ke2 60.Kg5 Ke3 61.Kxh5 Kf4  1/2-1/2

[Event "17th CRO-chT 1w"]
[Site "Sibenik CRO"]
[Date "2008.09.28"]
[Round "2"]
[White "Grguric,Dar"]
[Black "Jelica,M"]
[Result "0-1"]
[WhiteElo "1896"]
[BlackElo "2205"]

1.d4 Nf6 2.c4 g6 3.Nc3 d5 4.cxd5 Nxd5 5.e4 Nxc3 6.bxc3 Bg7 7.Bc4 c5 8.Ne2 O-O
9.O-O cxd4 10.cxd4 Nc6 11.Be3 Na5 12.Bb3 Nxb3 13.Qxb3 b6 14.Rac1 Ba6 15.Rfe1 Qd7
16.d5 Bxe2 17.Rxe2 Qg4 18.f3 Qh4 19.Bf2 Qh6 20.Qa3 Be5 21.Bg3 Bd4+ 22.Bf2 Be5
23.Bg3 Bf6 24.Rc4 b5 25.Rc7 a5 26.e5 Bg5 27.d6 exd6 28.exd6 Bd8 29.Rb7 b4
30.Qb3 Qc1+ 31.Re1 Qc6 32.Rc7 Bxc7 33.dxc7 Rac8 34.Qb2 Rxc7 35.Bxc7 Qxc7
36.Qe5 Rc8 37.Qe4 Qc4 38.Qb7 Rd8 39.Qe7 Qd4+ 40.Kf1 Rc8 41.Qb7 Rc2 42.Re2 Rc1+
43.Re1 Rxe1+ 44.Kxe1 Qa1+ 45.Kf2 Qxa2+ 46.Kg3 Qa1 47.Qb5 Kg7 48.h4 Qe1+ 49.Kh3 Qe6+
50.Kg3 Qf5 51.Qb6 Qd5 52.Qf2 Qe5+ 53.Kh3 b3 54.f4 Qc3+ 55.g3 h5  0-1

[Event "17th CRO-chT 1a"]
[Site "Sibenik CRO"]
[Date "2008.09.28"]
[Round "2"]
[White "Zaja,I"]
[Black "Rade,M"]
[Result "1/2-1/2"]
[WhiteElo "2457"]
[BlackElo "2436"]

1.d4 Nf6 2.c4 g6 3.Nc3 d5 4.cxd5 Nxd5 5.e4 Nxc3 6.bxc3 Bg7 7.Nf3 c5 8.Rb1 O-O
9.Be2 cxd4 10.cxd4 Qa5+ 11.Bd2 Qxa2 12.O-O Bg4 13.Bg5 h6 14.Be3 Nc6 15.d5 Bxf3
16.gxf3 Nd4 17.Bxd4 Bxd4 18.Qxd4 Qxe2 19.Rxb7  1/2-1/2

[Event "17th CRO-chT 1a"]
[Site "Sibenik CRO"]
[Date "2008.09.29"]
[Round "3"]
[White "Saric,A"]
[Black "Rogulj,B"]
[Result "1-0"]
[WhiteElo "2513"]
[BlackElo "2410"]

1.d4 Nf6 2.c4 g6 3.Nc3 d5 4.cxd5 Nxd5 5.e4 Nxc3 6.bxc3 Bg7 7.Bc4 c5 8.Ne2 Nc6
9.Be3 cxd4 10.cxd4 Qa5+ 11.Bd2 Qa3 12.Bc3 O-O 13.Rc1 Qd6 14.O-O b6 15.d5 Bxc3
16.Nxc3 Na5 17.Nb5 Qf4 18.Bd3 Bd7 19.g3 Qf6 20.f4 Qb2 21.Rf2 Qb4 22.Rb1 Qc5
23.Rc1 Qe3 24.Qd2 Qxd2 25.Rxd2 Nb7 26.Rc7 Nc5 27.Nxa7 Rfd8 28.e5 Kf8 29.Bc4 Be8
30.d6 exd6 31.Rxd6 Rxd6 32.exd6 Rd8 33.Nc8 Ne4 34.d7 Bxd7 35.Nxb6 Bh3 36.Bd5 Nd6
37.a4 Re8 38.Nd7+ Kg7 39.Ne5 Kf6 40.Nxf7 Re1+ 41.Kf2 Rf1+ 42.Ke2 Nf5 43.Ng5 Nd4+
44.Kd2  1-0

[Event "Zvenigorodskaya Open A"]
[Site "Zvenigorod RUS"]
[Date "2008.09.29"]
[Round "7"]
[White "Romanko,M"]
[Black "Yandemirov,V"]
[Result "0-1"]
[WhiteElo "2374"]
[BlackElo "2463"]

1.d4 Nf6 2.c4 g6 3.Nc3 d5 4.cxd5 Nxd5 5.e4 Nxc3 6.bxc3 Bg7 7.Bc4 O-O 8.Ne2 c5
9.O-O Nc6 10.Be3 Na5 11.Bd3 b6 12.Qd2 e5 13.Rad1 cxd4 14.cxd4 exd4 15.Bh6 Bxh6
16.Qxh6 Qe7 17.f4 f5 18.Ng3 fxe4 19.Bxe4 Bb7 20.Bd3 Rab8 21.h4 Qg7 22.Qg5 Kh8
23.Kh2 Qf7 24.f5 Qxa2 25.Rd2 Qd5 26.h5 gxf5 27.h6 Qg8 28.Qf4 Qg4 29.Qd6 Qh4+
30.Kg1 Qf6 31.Qd7 Bc6 32.Qxa7 Bb7 33.Rxf5 Qxh6 34.Rxf8+ Rxf8 35.Re2 Ra8 36.Nf5 Qc6
37.Nxd4 Qc1+  0-1

[Event "Zvenigorodskaya Open A"]
[Site "Zvenigorod RUS"]
[Date "2008.09.29"]
[Round "7"]
[White "Lavrik,D"]
[Black "Danin,A"]
[Result "0-1"]
[WhiteElo "2387"]
[BlackElo "2469"]

1.d4 Nf6 2.c4 g6 3.Nc3 d5 4.cxd5 Nxd5 5.e4 Nxc3 6.bxc3 Bg7 7.Be3 c5 8.Qd2 O-O
9.Nf3 Qa5 10.Rc1 Rd8 11.d5 e6 12.Bg5 f6 13.Bc4 Kh8 14.e5 fxg5 15.Nxg5 Rf8
16.dxe6 Nc6 17.f4 Qa4 18.Qd5 Rxf4 19.Bb3 Qa3 20.Qd2 Rf8 21.Nf7+ Rxf7 22.exf7 c4
23.Bxc4 Qc5 24.Qf2 Qxe5+ 25.Qe2 Bg4 26.Qxe5 Nxe5 27.Be2 Be6 28.O-O Bxf7 29.a4 Rc8  0-1

[Event "ch-Commonwealth"]
[Site "Nagpur IND"]
[Date "2008.09.30"]
[Round "3"]
[White "Joshi,P"]
[Black "Das,Arg"]
[Result "1/2-1/2"]
[WhiteElo "2281"]
[BlackElo "2404"]

1.d4 Nf6 2.c4 g6 3.Nc3 d5 4.cxd5 Nxd5 5.e4 Nxc3 6.bxc3 Bg7 7.Nf3 O-O 8.Be2 c5
9.Rb1 b6 10.O-O Bb7 11.Qd3 e6 12.Bg5 Qc7 13.Qe3 Nd7 14.e5 Bd5 15.a3 Rae8
16.Bh6 Bxh6 17.Qxh6 f6 18.exf6 Nxf6 19.Ne5 cxd4 20.cxd4 Qc3 21.Rbc1 Qxa3
22.Rc7 Re7 23.Rfc1 Qd6 24.Rc8 Rg7 25.Ba6 Ne8 26.Bb5 Nf6 27.Ba6 Ne8 28.Bb5 Nf6  1/2-1/2

[Event "ch-Commonwealth"]
[Site "Nagpur IND"]
[Date "2008.09.30"]
[Round "4"]
[White "Karavade,E"]
[Black "Ganesh,Ba"]
[Result "1/2-1/2"]
[WhiteElo "2297"]
[BlackElo "2109"]

1.d4 Nf6 2.c4 g6 3.Nc3 d5 4.cxd5 Nxd5 5.e4 Nxc3 6.bxc3 Bg7 7.Bc4 c5 8.Ne2 Nc6
9.Be3 cxd4 10.cxd4 O-O 11.O-O Bg4 12.f3 Na5 13.Bd3 Be6 14.d5 Bxa1 15.Qxa1 f6
16.Qd4 Bd7 17.e5 fxe5 18.Qxe5 Bf5 19.Bd4 Rf6 20.Bxf5 gxf5 21.Nf4 Nc4 22.Qe2 e5
23.Qxc4 exd4 24.d6+ Kh8 25.Nd5 Rxd6 26.Qxd4+ Kg8 27.Re1  1/2-1/2

[Event "ch-Commonwealth"]
[Site "Nagpur IND"]
[Date "2008.09.30"]
[Round "4"]
[White "Murali Krishnan,B"]
[Black "Purushothaman,T"]
[Result "1-0"]
[WhiteElo "2412"]
[BlackElo "2303"]

1.d4 Nf6 2.c4 g6 3.Nc3 d5 4.cxd5 Nxd5 5.e4 Nxc3 6.bxc3 Bg7 7.Bc4 c5 8.Ne2 Nc6
9.Be3 cxd4 10.cxd4 Qa5+ 11.Qd2 Qxd2+ 12.Kxd2 O-O 13.Rhd1 Na5 14.Bd3 Bd7 15.Rab1 Rfc8
16.Rdc1 e6 17.Rxc8+ Rxc8 18.Rc1 Rxc1 19.Kxc1 Kf8 20.Bd2 Nc6 21.Bc3 Ke8 22.Kb2 Kd8
23.Kb3 Bf8 24.d5 exd5 25.exd5 Ne7 26.Bf6 Kc8 27.Nc3 Nf5 28.Ne4 h6 29.Be5 Nh4
30.Bf1 Bf5 31.f3 Bxe4 32.fxe4 g5 33.Bf6 Ng6 34.Kc4 Be7 35.Bxe7 Nxe7 36.e5 Nf5
37.Kd3 Kd7 38.g3 Ng7 39.Ke4 Ke7 40.Bh3 Kd8 41.Bg4 Kc7 42.Kd4 Kd8 43.a3 Kc7
44.d6+ Kd8 45.Kd5 h5 46.Be2 Kd7 47.Ke4 Ke8 48.Bb5+ Kf8 49.Bd7 h4 50.gxh4 gxh4
51.Bc8 Ne6 52.Kf5 Nd8 53.Bd7 b6 54.Kg4 Nb7 55.Kxh4 Nc5 56.Bf5 b5 57.Kg5 Kg7
58.h4 a5 59.h5 b4 60.h6+ Kg8 61.axb4 axb4 62.d7  1-0

[Event "ch-Commonwealth"]
[Site "Nagpur IND"]
[Date "2008.10.01"]
[Round "5"]
[White "Ojas,G"]
[Black "Prince,Ba"]
[Result "1/2-1/2"]
[WhiteElo "1823"]
[BlackElo "2111"]

1.c4 Nf6 2.Nc3 d5 3.cxd5 Nxd5 4.e4 Nxc3 5.bxc3 g6 6.d4 Bg7 7.Bc4 c5 8.Be3 Nc6
9.Ne2 cxd4 10.cxd4 O-O 11.O-O Bg4 12.f3 Na5 13.Bxf7+ Rxf7 14.fxg4 Rxf1+ 15.Kxf1 e5
16.d5 Nc4 17.Qb3 Nxe3+ 18.Qxe3 Qh4 19.h3 Bh6 20.Qd3 Bf8 21.Kg1 Bd6 22.Rc1 Rf8
23.Qg3 Qd8 24.Kh2 Qb6 25.Qb3 Qxb3 26.axb3 Rf2 27.Rc2 Rf1 28.Rc1 Rf2 29.Rc2 Rf1
30.Rc1 Rf2 31.Rc2  1/2-1/2

[Event "ch-Commonwealth"]
[Site "Nagpur IND"]
[Date "2008.10.02"]
[Round "6"]
[White "Karavade,E"]
[Black "Pendalwar,P"]
[Result "1-0"]
[WhiteElo "2297"]
[BlackElo "2115"]

1.d4 Nf6 2.c4 g6 3.Nc3 d5 4.cxd5 Nxd5 5.e4 Nxc3 6.bxc3 Bg7 7.Bc4 O-O 8.Ne2 c5
9.O-O Nc6 10.Be3 cxd4 11.cxd4 Bg4 12.f3 Na5 13.Bd5 Bd7 14.Rb1 a6 15.Bxb7 Ra7
16.Bd5 Bb5 17.a4 Bxe2 18.Qxe2 e6 19.Bc4 Bxd4 20.Rfd1 Bxe3+ 21.Qxe3 Rd7 22.Be2 Rxd1+
23.Rxd1 Qc7 24.Bxa6 Qc2 25.Ra1 Nb3 26.Re1 Nc5 27.Bb5 Nxa4 28.Rc1 Qa2 29.Qd4 Nb2
30.Bf1 Rb8 31.h4 h5 32.Qe5 Qa7+ 33.Kh2 Qb6 34.Bb5 Kh7 35.Rc7 Rf8 36.Re7 Qf2
37.Qf6 Kg8 38.Rb7 Qd2 39.Be8 Qd6+ 40.Kh3  1-0